Statistics for FIFA World Cup Top Goalscorers

Click here to take the quiz!

General Stats

  • This quiz has been taken 67,220 times
    (25,416 since last reset)
  • The average score is 15 of 41

Answer Stats

#CountryYearsPlayer% Correct
8Portugal2006–2022Cristiano Ronaldo
98%
15Brazil1994–2006Ronaldo
98%
13Argentina2006–2022Lionel Messi
97%
12France2018–2022Kylian Mbappé
90%
12Brazil1958–1970Pelé
88%
14West Germany1970–1974Gerd Müller
83%
10Germany2010–2022Thomas Müller
83%
16Germany2002–2014Miroslav Klose
76%
8Argentina1982–1994Diego Maradona
70%
8Brazil2014–2022Neymar
69%
8England2018–2022Harry Kane
67%
7Uruguay2010–2022Luis Suárez
62%
9Spain2006–2014David Villa
49%
9Portugal1966Eusebio
48%
8Brazil1998–2002Rivaldo
43%
9Italy1990–1998Roberto Baggio
40%
13France1958Just Fontaine
36%
10Argentina1994-2002Gabriel Batistuta
33%
10England1986–1990Gary Lineker
33%
11Germany1990–1998Jurgen Klinsmann
26%
9Italy1978–1986Paolo Rossi
24%
8West Germany1986–1994Rudi Völler
20%
9Italy1998–2002Christian Vieri
19%
9Brazil1966–1974Jairzinho
18%
9West Germany1978–1986Karl-Heinz
Rummenigge
16%
10Poland1974–1982Grzegorz Lato
14%
11Hungary1954Sandor Kocsis
12%
10Peru1970, 1978Teófilo Cubillas
10%
9Brazil1958–1962Vavá
10%
10West Germany1954–1958Helmut Rahn
9%
9West Germany1958–1970Uwe Seeler
9%
8Brazil1934–1938Leônidas
8%
7Brazil1986–1990Careca
7%
7Netherlands1974–1978Johnny Rep
7%
8Brazil1950Ademir
6%
7Poland1974–1982Andrzej Szarmach
6%
8Argentina1930Guillermo Stábile
6%
7West Germany1954–1962Hans Schäfer
4%
7Hungary1958–1962Lajos Tichy
4%
7Czechoslovakia1934–1938Oldřich Nejedlý
4%
8Uruguay1950–1954Óscar Míguez
4%

Score Distribution

Percentile by Number Answered

Percent of People with Each Score

Your Score History

You have not taken this quiz since the last reset